Jak se rozejít a zůstat přáteli

Rozchod zamestnávateľa so zamestnancom. Ako sa ľudsky a dôstojne stretnúť pri obtiažnych rozhovoroch.

Enregistré dans:
Détails bibliographiques
Auteur principal: Čechová Hansen, Barbara
Format: Chapitre de livre
Langue:tchèque
Sujets:
Tags: Ajouter un tag
Pas de tags, Soyez le premier à ajouter un tag!

MARC

LEADER 00000naa a2200000 4500
001 0169062
005 20231113133432.3
041 0 |a cze 
044 |a CZ 
245 1 0 |a Jak se rozejít a zůstat přáteli  |c Barbara Čechová Hansen 
520 |a Rozchod zamestnávateľa so zamestnancom. Ako sa ľudsky a dôstojne stretnúť pri obtiažnych rozhovoroch. 
610 2 0 |a prepúšťanie pracovníkov 
610 2 0 |a emócie 
610 2 0 |a rozhovor 
610 2 0 |a outplacement 
100 1 |a Čechová Hansen, Barbara